Представление документа в формате MARC21

Поле Инд. ПП Название Значение
Тип записи a
Библиографический уровень m
001 Контрольный номер 8f49cad6-00ff-11db-b02a-008048b56a28
005 Дата корректировки 20140703144658.4
008 Кодируемые данные 060621
020 a ISBN 5-8021-0474-0
c Цена, тираж 100.00
040 a Служба первич. каталог. НБ ТвГУ
041 a Код языка текста rus
080 a Индекс УДК 658:338.246.025.3(075.8)
084 a Индекс другой классификации/Индекс ББК У292.3-983я73-1
090 x Авторский знак Ш38
a Полочн. индекс У292.3
100 1_ a Автор Шегельман Илья Романович
245 10 a Заглавие Экономическая безопасность
b Продолж. заглавия учеб. пособие
c Ответственность И. Р. Шегельман
260 0_ a Место издания Петрозаводск
b Издательство Петрозаводский гос. ун-т
c Дата издания 2005
300 a Объем 289 с.
504 a Библиография Библиогр.: с. 281-286.
583 a Действие Получение впервые 237 21.06.2006
k Исполнитель действия Обмен
650 a Основная рубрика Предпринимательство
x Основная подрубрика Экономика
650 a Основная рубрика Предприятия
x Основная подрубрика Экономическая безопасность
653 a Ключевые слова Предпринимательство
a Ключевые слова Предприятия
a Ключевые слова Экономическая безопасность
a Ключевые слова Служба безопасности предприятия
a Ключевые слова Коммерческая тайна
a Ключевые слова Охрана интеллектуальной собственности
a Ключевые слова Охрана информации
a Ключевые слова Экономика предприятия
852 t Порядковый номер экземпляра 1
p Инвентарный номер 845091
863 t 00142231
888 a Бесплатные
930 a Новая/Ретро учебники
952 p 237.2006 100.00 1 845091
c Вид литературы К ру
954 a Дата поступления на обработку 20060626
999 a Подразделение 2 Фил1